| 000 | 00599nam a22001697a 4500 | ||
|---|---|---|---|
| 999 |
_c170196 _d170196 |
||
| 005 | 20191212102503.0 | ||
| 010 | _aENG-127088 | ||
| 020 |
_c400.00 _a9788192613222 |
||
| 035 | _aEN-110620 | ||
| 037 | _bDBAD/PUB | ||
| 082 | _a881 | ||
| 245 |
_aOde to frontline formations : _ced.by Damodar Rao _bTelangana movement poetry 2000-2001 / |
||
| 260 |
_aHyderabad _bTelangana Sahitya Samakhya _c2013 |
||
| 270 |
_aPlot No. 1, Road No. 7, Madhura Nagar, Fattula Guda _bBandla Guda GSI Post, Hyderabad _e500068 _k9052203843 |
||
| 300 |
_axlv;259p. _c20cm(pbk) |
||
| 942 |
_2ddc _cEN _h881 _mODE |
||